Score 0/100 Timer 10:00
0 Plays Today
% Correct
Abraham Lincoln
83.4%
Pi
70.1%
United States
70%
Brazil
69.9%
Ohio
69.2%
37
69.1%
31
68.8%
41
68.7%
43
68.6%
47
68.6%
53
68.4%
59
68.1%
61
67.9%
67
67.8%
Ulysses S. Grant
67.6%
71
67.4%
Andrew Johnson
66.8%
Kentucky
66.5%
Germany
66.1%
France
65.9%
Tennessee
65%
James K. Polk
63.4%
Rho
62.2%
Spain
61.5%
New York
59.6%
Mexico
59.4%
Indiana
59.3%
Italy
59.3%
Vermont
59.1%
Mu
58.4%
North Carolina
55.7%
Zachary Taylor
55.2%
Mississippi
54.6%
London
52.4%
% Correct
James Garfield
51.3%
James Buchanan
51.1%
Rhode Island
49.7%
South Korea/Japan
49.5%
Franklin Pierce
49.3%
Argentina
49%
Cinderella
48.6%
Los Angeles
47.9%
Louisiana
47.5%
Millard Fillmore
47.5%
South Africa
45.8%
Rutherford B. Hayes
45.6%
Nu
45%
Sigma
42.1%
Moscow
41.5%
Rome
38.3%
Argon
37.3%
Sleeping Beauty
37%
Tau
36.9%
Lambda
36%
Munich
35.7%
Sodium
34.9%
Potassium
33.8%
Mexico City
33.7%
Psalms
32.8%
Omicron
32.2%
Tokyo
31.9%
Gone with the Wind
31.8%
Job
30.6%
Chlorine
30.4%
Upsilon
30%
Magnesium
29.9%
Casablanca
29.8%
Calcium
26.6%
% Correct
Montreal
26%
Aluminum
25.9%
Xi
24.8%
Lady and the Tramp
23.8%
Sulfur
23.5%
The Jungle Book
22.8%
Proverbs
22.7%
Silicon
22.3%
1 Kings
22%
2 Kings
22%
Phosphorus
21.6%
Esther
21.1%
The Aristocats
19.4%
Peter Pan
18.8%
One Hundred and One Dalmatians
18.3%
Ezra
16.4%
1 Chronicles
16.3%
2 Chronicles
16.3%
Melbourne
16.3%
Helsinki
14.6%
Nehemiah
13.2%
The Sword in the Stone
11.1%
Alice in Wonderland
11.1%
The Best Years of Our Lives
7.7%
How Green Was My Valley
7%
Rebecca
6.6%
Mrs. Miniver
6.2%
Going My Way
4.6%
The Lost Weekend
4.5%
You Can't Take It With You
4%
Gentleman's Agreement
3.9%
The Adventures of Ichabod and Mr. Toad
2.8%

You're not logged in!

Compare scores with friends on all Sporcle quizzes.
OR
Log In

Sporcle TV

Today on Sporcle TV


Watch our educational content, quiz creation guides, and fun videos on Sporcle TV.

Show Comments

Extras

Top Quizzes Today


Score Distribution

Paid Content

Your Account Isn't Verified!

In order to create a playlist on Sporcle, you need to verify the email address you used during registration. Go to your Sporcle Settings to finish the process.

Report this User

Report this user for behavior that violates our Community Guidelines.

Details: